00401nam a2200121Ia 4500008004100000082001700041100002000058245005900078300001000137942001200147999001900159952010100178210430s9999 xx 000 0 und d a620.110W244T aF.Y.Wang954822 aTreatise on materials science and technologycF.Y.Wang a375p. cBK2ddc c565585d565585 00104070aSCMEbSCMEcCARTd0000-00-00l0o620.110W244TpSCME- D82r2021-04-30w2021-04-30yBK